HEROES OF OLYMPUS (Record no. 3898)
[ view plain ]
| 000 -LEADER | |
|---|---|
| fixed length control field | 00661nam a22001457a 4500 |
| 020 ## - INTERNATIONAL STANDARD BOOK NUMBER | |
| ISBN | 978-0-141-33920-7 |
| 082 ## - DEWEY DECIMAL CLASSIFICATION NUMBER | |
| Classification number | 823 |
| Item number | RIO/H |
| 100 ## - MAIN ENTRY--AUTHOR NAME | |
| Personal name | RIORDAN, RICK |
| 245 ## - TITLE STATEMENT | |
| Title | HEROES OF OLYMPUS |
| Remainder of title | THE HOUSE OF HADES |
| 260 ## - PUBLICATION, DISTRIBUTION, ETC. (IMPRINT) | |
| Place of publication | UNITED KINGDOM |
| Name of publisher | PUFFIN BOOKS |
| Year of publication | 2014 |
| 300 ## - PHYSICAL DESCRIPTION | |
| Number of Pages | 597 |
| 520 ## - SUMMARY, ETC. | |
| Summary, etc | The story follows the Greek demigods Annabeth Chase, Leo Valdez, Piper McLean, Nico di Angelo, and Percy Jackson; and the Roman demigods Jason Grace, Hazel Levesque, and Frank Zhang on their quest to close the Doors of Death, stop the Giants from raising Gaea, and prevent war between Camp Jupiter and Camp Half-Blood. |
| 650 ## - SUBJECT ADDED ENTRY--TOPICAL TERM | |
| Topical Term | NOVEL |
| Geographic subdivision | UNITED KINGDOM |
| 942 ## - ADDED ENTRY ELEMENTS (KOHA) | |
| Koha item type | Books |
| Withdrawn status | Lost status | Collection code | Home library | Current library | Shelving location | Date acquired | Source of acquisition | Full call number | Accession Number | Koha item type |
|---|---|---|---|---|---|---|---|---|---|---|
| Fiction | Main Library | Main Library | SHELF-14-K- ALPHABETICAL- R --ENGLISH NOVELS & FICTIONS | 12/11/2022 | purchase | 823 RIO/H | 12737 | Books |